000 00753nam a2200217Ii 4500
003 JO-AjNU
008 230605s9999||||xx |||||||||||||| ||und||
017 _a2007/2/319
020 _a978-9957-00-303-6ا
040 _aJO-AjNU
_bara
_erda
_cJO-AjNU
041 _aara
050 1 4 _aTA153 2007
100 3 _aبدران ،ابراهيم، م مشارك لبنى محمد,
_eauthor
_951083
245 0 0 _aالهندسة والمهندس الاساسيات والمفاهيم
264 3 1 _aعمان :دار الشروق للنشر ، 2007
300 _a230ص
336 _atext
_btxt
_2rdacontent
337 _aunmediated
_bn
_2rdamedia
338 _avolume
_bnc
_2rdacarrier
650 4 _aالهندسة -الاساسيات والمفاهيم
_951084
999 _aA22542
_c26110
_d26110